000 00341nam a2200145Ia 4500
003 OSt
005 20240301100853.0
008 170524s9999 xx 000 0 und d
020 _a 9789389538274
040 _cIIMT UNIVERSITY
100 _aAswatnappa
245 0 _aINTERNATIONAL HUMAN RESOURCE MANAGEMENT
260 _aTMH
942 _2ddc
_c02
999 _c3081
_d3081